| 000 | 00959cam a2200289 a 4500 | ||
|---|---|---|---|
| 999 |
_c11928 _d11928 |
||
| 001 | 3332003 | ||
| 005 | 20190211093951.0 | ||
| 008 | 850417s1986 nyua b s001 0 eng | ||
| 010 | _a 85009766 | ||
| 020 | _a0887061370 | ||
| 020 | _a0887061389 (pbk.) | ||
| 040 |
_aDLC _cDLC _dDLC |
||
| 050 | 0 | 0 |
_aSF406 _b.F69 1986 |
| 082 | 0 | 0 |
_a636.08/85 _219 |
| 100 | 1 |
_aFox, Michael W., _d1937 |
|
| 245 | 1 | 0 |
_aLaboratory animal husbandry : _bethology, welfare, and experimental variables / _cby Michael W. Fox. |
| 260 |
_aAlbany : _bState University of New York Press, _cc1986. |
||
| 300 |
_axv, 267 p. : _bill. ; _c24 cm. |
||
| 500 | _aIncludes index. | ||
| 504 | _aBibliography: p. 229-260. | ||
| 650 | 0 | _aLaboratory animals. | |
| 650 | 0 |
_aLaboratory animals _xBehavior. |
|
| 650 | 0 | _aAnimal welfare. | |
| 650 | 0 | _aAnimal experimentation. | |
| 906 |
_a7 _bcbc _corignew _d1 _eocip _f19 _gy-gencatlg |
||
| 942 |
_2lcc _cBOOKS _hSF 406 .F69 1986 |
||